01634nam a22002777a 4500003000400000005001700004008004100021040001300062041000800075082001800083100002400101245015200125260004600277300005800323490002600381500005000407505059600457650004101053650006601094650005201160650001701212700003801229700003301267700002601300700003001326OSt20231006163459.0231006b ||||| |||| 00| 0 spa d cCO-MqBPB aspa a860.318bC17v aCastaño, Adolfo.  a Presencia Viva de la poesía, IV Encuentro de Poetas Hispanoamericanos; Seminario Poetas narradores y/o narradores poetas / cAdolfo Castañón aBogotá : bCasa de Poesía Silvac1995 a 2 compact disc son.b(107 min.) : digital ; c12 cm. a Voces para el tiempo a Seminario realizado el 24 de octubre de 1995 a Cd 1. Anuncio / N.N. (1:50 min.) ; Habla sobre Alfonso Reyes / Adolfo Castañón (26:50 min.) ; Anuncio / Augusto Pinilla (0:09 min.) ; Poetas narradores y/o narradores poetas / Gonzalo Millán (16:00 min.) ; Cometario y Anuncia de Alfonso Cárdenas / Augusto Pinilla (0:37 min.) ; Escritura y poética en Rojas Herazo / Alfonso Cárdenas (24:35 min.) -- Cd 2. Comentario y anuncio a Margarita Laso / Augusto Pinilla (0:48 min.) ; Poesía categoría de calidad / Margarita Laso (03:00 min.) ; Comentarios / Augusto Pinilla (33:44 min.) ; Epígrafe / Adolfo Castañón (0:18 min.) aRojas Herazo, Héctor, x1921-2002  aCrítica e interpretación Poesía xHistoria y crítica  aCompact disc Literatura xHistoria y crítica  aCompact disc aMillán, Gonzalo, d1947-2006.  aPinilla, Augusto, d1946-.  aCárdenas, Alfonso.  aLaso, Margarita, d1963-